00714nam a22001815i 450000100060000000300090000600500170001500700030003200800410003504000200007611000400009624501860013626000700032230000300039261000520042270000330047485200250050754914ES-MaACL20230906163040.0t|960729s1905 sp ||||1| spa d aCAM bspa cCAM2 aEscuela de Artes y Oficios (Bilbao)10aMemoria relativa al curso de 1904 a 1905 / cpresentada por ... Alberto Gaminde y Alzuyeta, en sesión pública celebrada para la repartición de premios en 8 de octubre de 1905. aBilbao : b[s.n.], c1905 (fImprenta de la Casa de Misericordia) aIV, 62, [2] p. ; c21 cm.24aEscuela de Artes y Oficios (Bilbao)-vMemorias.1 aGaminde y Alzuyeta, Alberto. aES-MaACLjT-1069-F-2